| 000 | 00999nam a2200241Ia 4500 | ||
|---|---|---|---|
| 003 | Ost | ||
| 005 | 20260507075124.0 | ||
| 008 | 260507s9999||||xx |||||||||||||| ||und|| | ||
| 020 | _a5157029957 | ||
| 040 | _cfsecg | ||
| 041 | _aara | ||
| 082 | _a300 | ||
| 100 |
_aمحمد، حسنين حسين _eمؤلف |
||
| 245 | 0 |
_aطرائق إبداعية في التعليم والتدريب : _bدليل لكل معلم ومدرب / _c حسنين حسين محمد |
|
| 260 |
_aعمان: _bمجدلاوي, _c2005 |
||
| 300 |
_a341 صفحة؛ _bإيضاحات ؛ _c24 سم |
||
| 520 | _aمجموعة أساليب للتعليم والتدريب النشط-أساليب التحليل-أساليب حل مشكلة-أساليب إبداعية-أساليب التساؤل-أساليب العصف الذهني | ||
| 653 | _aأساليب إبداعية | ||
| 653 | _aأساليب التحليل | ||
| 653 | _aأساليب التعليم | ||
| 653 | _aأساليب حل مشكلة | ||
| 942 | _cكتاب | ||
| 999 |
_c43117 _d43117 |
||